| 000 | 00745cam a22002291a 4500 | ||
|---|---|---|---|
| 001 | 13768523 | ||
| 005 | 20171222071252.0 | ||
| 008 | 041102s2005 maua bp 001 0 eng | ||
| 010 | _a 2004303212 | ||
| 020 | _a0205452450 (pbk.) | ||
| 040 |
_aDLC _cDLC _dDLC |
||
| 041 | _aeng | ||
| 080 | _a004 DAR | ||
| 082 | _a004 DAR | ||
| 100 | 1 | _a34 | |
| 101 | _aSHK | ||
| 245 | 1 | 0 |
_aSPSS for Windows step by step : _cDarren George, Paul Mallery. |
| 504 | _aIncludes bibliographical references (p. [379]-380) and index. | ||
| 906 |
_a7 _bcbc _corigres _d2 _encip _f20 _gy-gencatlg |
||
| 942 |
_2ddc _cBK |
||
| 999 |
_c39335 _d39335 |
||